banner-ar

JOURNAL OF FREDERICK HORNMAN'S TRAVELS FROM CAIRO TO MOWZOUK,IN THE YEARS 1797 - 8 / (Record no. 12957)

MARC details
000 -الفاتح
حقل البيانات ثابتة الطول 00496nam a2200157Ia 4500
008 - عناصر البيانات ثابتة الطول - معلومات عامة
حقل البيانات ثابتة الطول 140319s9999 xx 000 0 eng d
040 ## - مصدر الفهرسة
وكالة الفهرسة الأصلية GCL /
وكالة النسخ GCL
082 04 - رقم تصنيف ديوى العشرى
رقم التصنيف CC
رقم المادة 916
-- H J
100 1# - المدخل الرئيسى - إسم شخصى
الإسم الشخصى HORNMAN'S, FREDERICK
245 10 - بيان العنوان
العنوان JOURNAL OF FREDERICK HORNMAN'S TRAVELS FROM CAIRO TO MOWZOUK,IN THE YEARS 1797 - 8 /
بيان المسئوليه,etc HORNMAN'S, FREDERICK
260 ## - PUBLICATION, DISTRIBUTION, ETC. (IMPRINT)
تاريخ النشر أو التوزيع 1985
300 ## - الوصف المادى
التعداد 195
650 04 - المدخل الاضافى بالموضوع-مصطلح موضوعى
مصطلح موضوعي GEOGRAPHY OF AND TRAVEL IN AFRICA
942 ## - عناصر المدخل الإضافي( كوها)
مصدر التصنيف او مخطط الترفيف Dewey Decimal Classification
Koha [default] item type كتاب
260 ## - PUBLICATION, DISTRIBUTION, ETC. (IMPRINT)
-- [S.N] :
-- DARF PUBLISHERS LIMITED ،
Holdings
حالة التراجع حالة الفقد حالة تلف ليس للاعارة المكان المؤقت الموقع الحالى تاريخ الاكتساب اجمالي اﻻعارات رقم الطلب الباركود تاريخ اخر مشاهدة تاريخ تفعيل السعر نوع وعاء كوها
        مكتبة القاهرة الكبرى مكتبة القاهرة الكبرى 03/26/2014   CC\916\H J 25017 03/26/2014 03/26/2014 كتاب
        مكتبة القاهرة الكبرى مكتبة القاهرة الكبرى 03/26/2014   CC\916\H J 25018 03/26/2014 03/26/2014 كتاب

Powered By

EGPV